Constitución política de los Estados Unidos Mexicanos. (Record no. 70771)

MARC details
000 -LEADER
campo de control de longitud fija 00952cam a2200325L 4500
001 - NÚMERO DE CONTROL
campo de control 85512
005 - FECHA Y HORA DE LA ÚLTIMA TRANSACCIÓN
campo de control 20230410124104.0
008 - DATOS DE LONGITUD FIJA--INFORMACIÓN GENERAL
campo de control de longitud fija 940728s1994 mx 000 0 spa d
035 ## - NÚMERO DE CONTROL DEL SISTEMA
Número de control de sistema (OCoLC)ocn123406127
040 ## - FUENTE DE CATALOGACIÓN
Centro catalogador/agencia de origen SzGeBNU
Centro/agencia transcriptor NYDWH
035 ## - NÚMERO DE CONTROL DEL SISTEMA
Número de control de sistema (OCoLC)123406127
084 ## - OTRO NÚMERO DE CLASIFICACIÓN
Número de clasificación UNOG 342(72) M611e LP
Fuente del número z
049 ## - FONDOS LOCALES (OCLC)
Biblioteca depositaria GRAL
050 14 - SIGNATURA TOPOGRÁFICA DE LA BIBLIOTECA DEL CONGRESO
Número de clasificación M611 1994
110 2# - ENTRADA PRINCIPAL--NOMBRE DE ENTIDAD CORPORATIVA
Nombre de entidad corporativa o nombre de jurisdicción como elemento de entrada México. [Constitution 1917. Spanish].
245 10 - MENCIÓN DEL TÍTULO
Título Constitución política de los Estados Unidos Mexicanos.
250 ## - MENCION DE EDICION
Mención de edición 103. ed.
260 ## - PUBLICACIÓN, DISTRIBUCIÓN, ETC.
Lugar de publicación, distribución, etc. México :
Nombre del editor, distribuidor, etc. Porrúa,
Fecha de publicación, distribución, etc. 1994.
300 ## - DESCRIPCIÓN FÍSICA
Extensión 134 p.
440 #0 - MENCIÓN DE SERIE/PUNTO DE ACCESO ADICIONAL--TÍTULO
Título Colección Porrúa. Leyes y códigos de México
500 ## - NOTA GENERAL
Nota general Includes bibliographical references.
500 ## - NOTA GENERAL
Nota general Contains: Source materials.
610 27 - PUNTO DE ACCESO ADICIONAL DE MATERIA--NOMBRE DE ENTIDAD CORPORATIVA
Nombre de entidad corporativa o nombre de jurisdicción como elemento de entrada Mexico. [Constitution 1917].
Fuente del encabezamiento o término unbisn
650 07 - PUNTO DE ACCESO ADICIONAL DE MATERIA--TÉRMINO DE MATERIA
Término de materia o nombre geográfico como elemento de entrada CONSTITUTIONS.
Fuente del encabezamiento o término unbist
650 #4 - PUNTO DE ACCESO ADICIONAL DE MATERIA--TÉRMINO DE MATERIA
Término de materia o nombre geográfico como elemento de entrada CRV
650 #4 - PUNTO DE ACCESO ADICIONAL DE MATERIA--TÉRMINO DE MATERIA
Término de materia o nombre geográfico como elemento de entrada Colección Rene Villarreal.
942 ## - ELEMENTOS DE ENTRADA SECUNDARIOS (KOHA)
Fuente del sistema de clasificación o colocación Clasificación de Library of Congress
Tipo de ítem Koha
946 ## - PROCESAMIENTO DE INFORMACIÓN LOCAL (OCLC)
a mfcruz
994 ## -
-- C0
-- DRFGD
Holdings
Estatus retirado Estado de pérdida Fuente del sistema de clasificación o colocación Estado de daño No para préstamo Colección Biblioteca de origen Biblioteca actual Ubicación en estantería Fecha de adquisición Serial enumeration / chronology Signatura topográfica completa Código de barras Visto por última vez Copia número Tipo de ítem Koha
    Clasificación de Library of Congress     Humanidades Biblioteca Juan Bosch Biblioteca Juan Bosch Humanidades (4to. Piso) 10/04/2023 3 M611 1994 00000079810 25/10/2018 1